000
00212 a2200097 4500
001
48249
100
_a
Nadwi, A.B.H
245
_a
Glory of Iqbal
260
_a
Lahore
_b
Progressive books
_c
090
_c
31204
_d
31204
942
_a
NUST-CAE
_c
M
_c
23564
999
_c
283322
_d
283322